Statistics for Love me - Justin Bieber lyrics

Click here to take the quiz!

General Stats

  • This quiz has been taken 245 times
  • The average score is 206 of 263

Answer Stats

Answer% Correct
love
100%
m
100%
me
99%
you
98%
say
94%
i
93%
that
93%
do
88%
fool
87%
miss
87%
a
86%
kiss
86%
oh
86%
how
83%
the
83%
hear
82%
my
81%
i'm
80%
tell
80%
to
80%
your
80%
for
79%
what
79%
is
78%
just
76%
one
76%
wanna
76%
with
74%
you're
74%
friends
73%
sucker
73%
baby
72%
no
72%
but
70%
guess
70%
think
70%
can
69%
cause
68%
from
68%
never
68%
above
67%
don't
66%
know
66%
angel
65%
go
65%
sent
65%
wrong
65%
and
64%
girl
64%
money
64%
yours
64%
because
63%
every
62%
more
62%
here
61%
truth
61%
where
61%
belong
60%
heart
60%
leaving
60%
when
60%
give
59%
honestly
59%
let
58%
nothing
58%
care
57%
promise
57%
right
57%
stay
57%
time
57%
everything
56%
little
53%
they
53%
dear
52%
blind
51%
hold
50%
i'll
50%
than
49%
thousand
49%
near
48%
put
48%
listen
47%
minute
47%
without
47%
spend
45%
worth
44%
get
43%
refuse
43%
days
42%
try
42%
still
41%
people
39%
has
33%
disappeared
28%

Score Distribution

Percentile by Number Answered

Percent of People with Each Score

Your Score History

You have not taken this quiz